Joueurs de football par images - H - Statistiques

Statistiques générales
  • Ce quiz a été pris 1 690 fois
  • Le résultat moyen est 13 sur 20
Statistiques - réponses
Par images Réponse % Correct
Erling Haaland
99%
Thierry Henry
99%
Achraf Hakimi
98%
Eden Hazard
98%
Gonzalo Higuaín
85%
Hulk
85%
Kai Havertz
84%
Mats Hummels
84%
Jordan Henderson
78%
Marek Hamšík
68%
Samir Handanovič
63%
Fernando Hierro
55%
Vitorino Hilton
54%
Keisuke Honda
48%
Luis Hernández
46%
Gheorghe Hagi
44%
René Higuita
38%
Gabriel Heinze
31%
Atiba Hutchinson
19%
Aliaksandr Hleb
9%
Aucun quiz correspondant
Distribution des résultats
% des personnes avec chaque résultat
Percentile par nombre de réponses
Votre historique - résultats
Vous n’avez pas pris ce quiz